Código de comercio (Record no. 44553)

MARC details
000 -LEADER
campo de control de longitud fija 01080nam a2200277 i 4500
001 - NÚMERO DE CONTROL
campo de control 44553
003 - IDENTIFICADOR DE NÚMERO DE CONTROL
campo de control ES-MaACL
005 - FECHA Y HORA DE LA ÚLTIMA TRANSACCIÓN
campo de control 20250825102808.0
007 - CAMPO FIJO DE DESCRIPCIÓN FÍSICA--INFORMACIÓN GENERAL
campo de control de longitud fija t|
008 - DATOS DE LONGITUD FIJA--INFORMACIÓN GENERAL
campo de control de longitud fija 030321s1974 sp ||||1| spa d
245 00 - MENCIÓN DEL TÍTULO
Título Código de comercio
Resto del título : Reglamento del registro mercantil ; Ley de suspensión de pagos y Libro IV del Código de comercio de 1829.
246 ## - FORMA VARIANTE DEL TITULO
Título propio/Titulo breve Ley de suspensión de pagos y Libro IV del Código de comercio de 1829.
250 ## - MENCION DE EDICION
Mención de edición 10ª ed.
260 ## - PUBLICACIÓN, DISTRIBUCIÓN, ETC.
Lugar de publicación, distribución, etc. Madrid :
Nombre del editor, distribuidor, etc. Boletín Oficial del Estado,
Fecha de publicación, distribución, etc. 1974.
300 ## - DESCRIPCIÓN FÍSICA
Extensión 588 p. ;
Dimensiones 17 cm.
490 1# - MENCIÓN DE SERIE
Mención de serie Textos legales ;
Designación de volumen o secuencia 15
655 #0 - TERMINO DE INDIZACIÓN--GENERO/FORMA
Datos o término principal de género/forma Legislación
9 (RLIN) 226283
740 02 - ENTRADA AGREGADA--TÍTULO RELACIONADO/ANALÍTICO NO CONTROLADO
Título relacionado o analítico no controlado Reglamento del registro mercantil.
740 02 - ENTRADA AGREGADA--TÍTULO RELACIONADO/ANALÍTICO NO CONTROLADO
Título relacionado o analítico no controlado Ley de suspensión de pagos.
830 1# - PUNTO DE ACCESO ADICIONAL DE SERIE-TÍTULO UNIFORME
Título uniforme Textos legales ;
Designación de volumen o secuencia 15
9 (RLIN) 178122
852 4# - LOCALIZACIÓN
Ubicación ES-MaACL
Número de control de estantería A-16111
Sublocalización o colección R.90704
itemnumber 46219
Ubicación en estantería Depósito 2
Signatura antigua Olim: A-5488
852 4# - LOCALIZACIÓN
Ubicación ES-MaACL
Número de control de estantería G-16110
Sublocalización o colección R.90703
itemnumber 46220
Ubicación en estantería Depósito 2
Signatura antigua Olim: A-5489
852 4# - LOCALIZACIÓN
Ubicación ES-MaACL
Número de control de estantería A-16112
Sublocalización o colección R.90705
itemnumber 46221
Ubicación en estantería Depósito 2
Signatura antigua Olim: A-5493
942 ## - ELEMENTOS DE ENTRADA SECUNDARIOS (KOHA)
Fuente del sistema de clasificación o colocación Clasificación decimal universal
Tipo de ítem Koha Libro impreso
Suprimir en OPAC No
Holdings
Estatus retirado Estado de pérdida Fuente del sistema de clasificación o colocación Estado de daño No para préstamo Biblioteca de origen Biblioteca actual Ubicación en estantería Fecha de adquisición Fuente de adquisición Total de préstamos Signatura topográfica completa Código de barras Visto por última vez Precio de reemplazo Tipo de ítem Koha
    Clasificación decimal universal     Biblioteca del Ateneo de Madrid Biblioteca del Ateneo de Madrid Depósito 2 12/08/2022 Compra   G-16111 1203104 23/02/2023 23/02/2023 Libro impreso
    Clasificación decimal universal     Biblioteca del Ateneo de Madrid Biblioteca del Ateneo de Madrid Depósito 2 17/01/2008 Compra   G-16110 1046894 23/02/2023 23/02/2023 Libro impreso
    Clasificación decimal universal     Biblioteca del Ateneo de Madrid Biblioteca del Ateneo de Madrid Depósito 2 17/01/2008 Compra   G-16112 1046895 23/02/2023 23/02/2023 Libro impreso